Kpop Demon Hunters Your Idol Lyrics - Statistics

General Stats
  • This quiz has been taken 85 times
  • The average score is 10 of 48
Answer Stats
Singer Lyrics % Correct
Abby Keeping you in check, keeping you obsessed
77%
Abby I can be your sanctuary
52%
Jinu Can I get the mic a little higher?
44%
Jinu Can I get the mic a little higher?
44%
Jinu Can I get the mic a little higher?
44%
Abby Anytime it hurts, play another verse
42%
Mystery/Romance More than power, more than gold
42%
Romance Yeah you gave me your heart, now I'm here for your soul
42%
Jinu Feel the way my voice gets underneath your skin
35%
Jinu Feel the way my voice gets underneath your skin
35%
Mystery Know I'm the only one right now
34%
Jinu I'm the only one who'll love your sins
31%
Jinu Gimme your desire
30%
Jinu Gimme your desire
30%
Jinu Gimme your desire
30%
Mystery I will love you more when it all burns down
30%
Jinu Listen 'cause I'm, preaching to the choir
30%
Jinu I can be the star you rely on
27%
Jinu I can be the star you rely on
27%
Baby Thank you for the pain, 'cause it got me going viral
24%
Everyone Living in your mind now
20%
Jinu Preaching to the choir
20%
Romance Don't you know I'm here to save you?
18%
Romance Don't you know I'm here to save you?
18%
Mystery Don't let it show, keep it all inside
14%
Jinu I will make you free
14%
Jinu No one is coming to save you
13%
Mystery The pain and the shame, keep it out of sight
13%
Everyone Too late 'cause you're mine now
13%
Abby Play me on repeat, kkeuteopsi in your head
11%
Jinu When you're all a part of me
11%
Abby Your obsession feeds our connection
11%
Jinu Yeah I'm all you need, I'ma be your idol
10%
Jinu Yeah I'm all you need, I'ma be your idol
10%
Jinu Watch me set your world on fire
8%
Jinu Listen 'cause I'm, preachin' to the choir
7%
Jinu You know I'm the only one who'll love your sins
7%
Jinu You're down on your knees, I'ma be your idol
7%
Abby I sungan give me all your attention
3%
Romance Nae hwanghol-ui chwihae, you can't look away
3%
Romance Nae hwanghol-ui chwihae, you can't look away
3%
Jinu Nae hwanghol-ui chwihae, you can't look away
3%
Romance Yeah we runnin' wild
3%
Romance Yeah we runnin' wild
3%
Jinu Yeah we runnin' wild
3%
Baby Nareul wae neon jonjaehaneun aidol
1%
Baby Natji anneun fever, makin' you a believer
1%
Baby Bichi naneun fame, gyeoseok oechyeo I'm your idol
0%
No matching quizzes found
Score Distribution
Percent of People with Each Score
Percentile by Number Answered
Your Score History
You have not taken this quiz